ბათუმის შოთა რუსთაველის სახელმწიფო უნივერსიტეტის ბიბლიოთეკა

Расчет трансформаторов. (ბიბ.ჩანაწერი № 50833)

000 -LEADER
fixed length control field 00611nam a2200217Ia 4500
001 - CONTROL NUMBER
control field 17787
003 - CONTROL NUMBER IDENTIFIER
control field GE_BSU
008 - FIXED-LENGTH DATA ELEMENTS--GENERAL INFORMATION
fixed length control field 181216s||||||||xx |||||||||||||| ||und||
040 ## - CATALOGING SOURCE
Transcribing agency GE_BSU
080 ## - UNIVERSAL DECIMAL CLASSIFICATION NUMBER
Universal Decimal Classification number 621.314.2(075.8)
100 ## - MAIN ENTRY--PERSONAL NAME
Personal name Тихомиров,П.М.
245 ## - TITLE STATEMENT
Title Расчет трансформаторов.
245 ## - TITLE STATEMENT
Statement of responsibility, etc. Ред. Е.Г.Рыжихина.
250 ## - EDITION STATEMENT
Edition statement Изд. 3-е, перераб. и доп.
260 ## - PUBLICATION, DISTRIBUTION, ETC.
Place of publication, distribution, etc. М.
260 ## - PUBLICATION, DISTRIBUTION, ETC.
Name of publisher, distributor, etc. Энергия.
260 ## - PUBLICATION, DISTRIBUTION, ETC.
Date of publication, distribution, etc. 1968.
300 ## - PHYSICAL DESCRIPTION
Extent 456 стр. с илл. 20 см.
653 ## - INDEX TERM--UNCONTROLLED
Uncontrolled term Расчет трансформаторов.
942 ## - ADDED ENTRY ELEMENTS (KOHA)
Koha item type წიგნი
ეგზემპლარები
Withdrawn status Lost status Damaged status Not for loan Date acquired Barcode Date last seen Price effective from Koha item type
        2018-12-17 10884 2018-12-17 2018-12-17 წიგნი